U.S. History by Letter- B - Statistics

General Stats
  • This quiz has been taken 769 times
  • The average score is 10 of 20
Answer Stats
Hint Answer % Correct
A tea party was hosted here Boston
97%
Inventor of the telephone Alexander Graham Bell
94%
Actor and presidential assassin John Wilkes Booth
92%
1961 failed invasion of Cuba Bay of Pigs
87%
Added to the Constitution in 1792 Bill of Rights
69%
An illegal trafficker of liquor Bootlegger
69%
Abolitionist who raided Harper's Ferry John Brown
63%
Civil War nurse, founder of American Red Cross Clara Barton
50%
Revolutionary battle near Boston Bunker Hill
47%
Civil War general known for his facial hair Ambrose Burnside
45%
Led the "British Invasion" The Beatles
44%
Don't misunderestimate him George Bush
42%
Blazed a road through the Cumberland Gap Daniel Boone
35%
"There's a sucker born every minute" P.T. Barnum
35%
The Union Army was defeated at this creek twice Bull Run
29%
Process by which pig iron is made into steel {Bessemer} Process
21%
Gilded Era statesman, "Cross of Gold" speech William Jennings Bryan
20%
Photographer of the Civil War Matthew Brady
17%
John Paul Jones's ship Bonhomme Richard
9%
Second mayor of Plymouth Colony William Bradford
8%
No matching quizzes found
Score Distribution
Percent of People with Each Score
Percentile by Number Answered
Your Score History
You have not taken this quiz